| 000 | 00863nam a2200241 a 4500 | ||
|---|---|---|---|
| 005 | 20210223130715.0 | ||
| 008 | 081006s2000 mx r 000 0 spa d | ||
| 035 | _aUPN01000162472 | ||
| 049 | _aUNE | ||
| 080 | _a342.518 (72) "1988" HER. | ||
| 100 | 1 |
_aHernández Rodríguez, Rogelio _941417 |
|
| 245 | 1 | 0 | _aFormación y trayectoria de los secretarios de estado en México 1946-1982/ por Rogelio Hernández Rodríguez. |
| 250 | _a2a. ed. | ||
| 260 | _aMéxico : FLACSO, 1988. | ||
| 300 | _a135 p.; 28 cm. fot. | ||
| 440 | 0 | _atesis; 104. | |
| 500 | _aIncluye bibliografía | ||
| 690 | _aPoliticos- Caracteristicas administrativas- Mexico | ||
| 690 | _aPolitica gubernamental- Politicos- Mexico | ||
| 690 | _aMexico- Politicos- Caracteristicas administrativas | ||
| 710 | 2 | _aFLACSO. Facultad Latinoamericana de Ciencias Sociales | |
| 905 | _aUNESCO | ||
| 999 |
_c134585 _d134585 |
||